Colección de varios monumentos antiguos y otras piezas curiosas sacadas con la mayor fidelidad de documentos originales (Record no. 91826)

MARC details
000 -LEADER
campo de control de longitud fija 01358ntm a2200277 i 4500
001 - NÚMERO DE CONTROL
campo de control 91826
003 - IDENTIFICADOR DE NÚMERO DE CONTROL
campo de control ES-MaACL
005 - FECHA Y HORA DE LA ÚLTIMA TRANSACCIÓN
campo de control 20240410063032.0
007 - CAMPO FIJO DE DESCRIPCIÓN FÍSICA--INFORMACIÓN GENERAL
campo de control de longitud fija t|
008 - DATOS DE LONGITUD FIJA--INFORMACIÓN GENERAL
campo de control de longitud fija 050222b1780 sp a |||| | spa d
040 ## - FUENTE DE CATALOGACIÓN
Centro/agencia transcriptor ES-MaACL
100 1# - ENTRADA PRINCIPAL--NOMBRE DE PERSONA
Nombre de persona Barcones y Carrión, Antonio.
9 (RLIN) 25565
Término indicativo de función/relación Autor
245 10 - MENCIÓN DEL TÍTULO
Título Colección de varios monumentos antiguos y otras piezas curiosas sacadas con la mayor fidelidad de documentos originales
Medio [Manuscrito] /
Mención de responsabilidad, etc. Antonio Barcones y Carrión.
260 ## - PUBLICACIÓN, DISTRIBUCIÓN, ETC.
Lugar de publicación, distribución, etc. [s.l. :
Nombre del editor, distribuidor, etc. s.n.,
Fecha de publicación, distribución, etc. ca. 1780]
300 ## - DESCRIPCIÓN FÍSICA
Extensión [18] hojas :
Otras características físicas ilustraciones ;
Dimensiones 47 cm.
505 ## - NOTA DE CONTENIDO CON FORMATO
Nota de contenido con formato Real Panteón de San Juan de la Peña en que se conservan las venerables cenizas de los serenísimos reyes de Aragón y Navarra... y otros documentos
530 ## - NOTA DISPONIBLE DE FORMULARIO FÍSICO ADICIONAL
Nota de formato físico adicional disponible Disponible en formato digital.
594 ## - NOTA AL TITULO Y MENCION DE RESPONSABILIDAD
Nota Manuscrito dedicado al conde de Floridablanca.
610 24 - PUNTO DE ACCESO ADICIONAL DE MATERIA--NOMBRE DE ENTIDAD CORPORATIVA
Nombre de entidad corporativa o nombre de jurisdicción como elemento de entrada Monasterio de San Juan de la Peña-
Subdivisión general Historia.
9 (RLIN) 5746
740 02 - ENTRADA AGREGADA--TÍTULO RELACIONADO/ANALÍTICO NO CONTROLADO
Título relacionado o analítico no controlado Real Panteón de San Juan de la Peña, en que se conservan las venerables cenizas de los serenísimos reyes de Aragón y Navarra.
852 4# - LOCALIZACIÓN
Ubicación ES-MaACL
Ubicación en estantería Depósito
Signatura antigua Olim:B-7749
Número de control de estantería R-2950
856 4# - LOCALIZACIÓN Y ACCESO ELECTRÓNICOS
Identificador Uniforme de Recursos <a href="https://bvpb.mcu.es/es/consulta/registro.do?id=577741">https://bvpb.mcu.es/es/consulta/registro.do?id=577741</a>
Texto de enlace Versión en línea
Nota pública (Biblioteca Virtual del Patrimonio Bibliográfico)
942 ## - ELEMENTOS DE ENTRADA SECUNDARIOS (KOHA)
Tipo de ítem Koha Manuscrito
Suprimir en OPAC No
Holdings
Estatus retirado Estado de pérdida Estado de daño No para préstamo Colección Biblioteca de origen Biblioteca actual Ubicación en estantería Fecha de adquisición Fuente de adquisición Total de préstamos Signatura topográfica completa Código de barras Visto por última vez Precio de reemplazo Tipo de ítem Koha
        Colección digital Biblioteca del Ateneo de Madrid Biblioteca del Ateneo de Madrid Depósito 17/01/2008     R-2950 1095876 23/02/2023 23/02/2023 Manuscrito